| 000 | 00496nam a22001817a 4500 | ||
|---|---|---|---|
| 003 | CEME | ||
| 005 | 20210628202328.0 | ||
| 008 | 210121b xxu||||| |||| 00| 0 eng d | ||
| 020 | _a0-07-141866-0 | ||
| 040 | _c. | ||
| 082 | _a641.8654 VAN | ||
| 100 |
_aCleave, Jill .Van _959363 |
||
| 245 | _aBig, soft, chewy cookies more than 75 recipes for the best cookies in the world | ||
| 260 |
_aNEW YORK _bMCGRAW HILL _c2003 |
||
| 300 | _aXIV, 158 P | ||
| 650 |
_aCOOKIES _959364 |
||
| 942 |
_cBK _2ddc |
||
| 999 |
_c569369 _d569369 |
||